Inteligentné metódy diagnostiky a riadenia mechatronických systémov : dátum obhajoby 18.12.2020
Saved in:
| Main Author: | |
|---|---|
| Other Authors: | |
| Format: | Manuscript Book |
| Language: | Slovak |
| Published: |
Bratislava :
STU v Bratislave FEI,
2020
|
| Subjects: | |
| Online Access: | http://is.stuba.sk/zp/portal_zp.pl?podrobnosti=144871 |
| Tags: |
No Tags, Be the first to tag this record!
|
MARC
| LEADER | 00000ntm a22000003a 4500 | ||
|---|---|---|---|
| 001 | stuzp66065 | ||
| 003 | SK-STU | ||
| 005 | 20230413102057.4 | ||
| 007 | ta | ||
| 008 | 150427s2015----xo-----f-mn---000-0-slo-d | ||
| 040 | |a STU |b slo | ||
| 041 | 0 | |a slo | |
| 044 | |a xo | ||
| 100 | 1 | |a Képešiová, Zuzana |u 030400 |4 aut |U FEI Fakulta elektrotechniky a informatiky |T FEI Ústav automobilovej mechatroniky |X 8785 |U E400 |Y 642 |7 8785 | |
| 242 | 0 | 1 | |a Intelligent methods of diagnostics and control of mechatronic systems |y eng |
| 245 | 1 | 0 | |a Inteligentné metódy diagnostiky a riadenia mechatronických systémov : |b dátum obhajoby 18.12.2020 |
| 260 | |a Bratislava : |b STU v Bratislave FEI, |c 2020 | ||
| 300 | |a 105 s., CD-ROM, |b AUTOREF. 2020, 42 s. | ||
| 650 | 4 | |a diagnostické postupy |2 slo | |
| 650 | 4 | |a umelá inteligencia |2 slo | |
| 650 | 4 | |a mechatronické systémy |2 slo | |
| 650 | 4 | |a Priemysel 4.0 |2 slo | |
| 650 | 4 | |a mechatronic systems |2 eng | |
| 650 | 4 | |a Industry 4.0 |2 eng | |
| 650 | 4 | |a artificial intelligence |2 eng | |
| 650 | 4 | |a diagnostic practices |2 eng | |
| 700 | 1 | |a Rosinová, Danica |u 030400 |k Z1 |4 ths |U FEI Fakulta elektrotechniky a informatiky |T FEI Ústav automobilovej mechatroniky |X 4938 |U E400 |Y 642 |7 A000004938 | |
| 856 | 4 | |u http://is.stuba.sk/zp/portal_zp.pl?podrobnosti=144871 | |
| 996 | |b 284ED01661 |c E*ZP-524 |l EE01 |s A |a 24 |w stuzp66065_0001 | ||